[Event "V Floripa Open 2019"]
[Site "Florianopolis"]
[Date "2019.01.21"]
[Round "1.111"]
[White "Chang, Suzana"]
[Black "Santana Freitas, Maria Eduarda"]
[Result "1-0"]
[WhiteElo "1990"]
[BlackElo "1486"]
[PlyCount "95"]
[EventDate "2019.01.21"]
[EventType "swiss"]
[EventRounds "10"]
[EventCountry "BRA"]

1. c4 Nf6 2. d4 g6 3. Nf3 Bg7 4. Nc3 O-O 5. e4 d6 6. Be2 Nc6 7. d5 Ne5 8. Nxe5 dxe5 9. O-O e6 10. Be3 exd5 11. cxd5 Qe7 12. Qc2 c6 13. dxc6 bxc6 14. Na4 Qc7 15. Rac1 Be6 16. Nc5 Rfe8 17. Rfd1 Nd7 18. Nxe6 Rxe6 19. Bg4 Rd6 20. Rxd6 Qxd6 21. Rd1 Qb4 22. Bxd7 Rd8 23. h3 Bf6 24. b3 Be7 25. Bg4 Rxd1+ 26. Bxd1 a5 27. Be2 c5 28. Bc4 Bd6 29. Qd2 Qb6 30. Qd5 Qc7 31. Bd2 Qe7 32. Bxa5 Kg7 33. Bd2 h5 34. a4 Qc7 35. a5 Bf8 36. a6 Kg8 37. Qxf7+ Qxf7 38. Bxf7+ Kxf7 39. a7 Be7 40. a8=Q Kf6 41. Qc6+ Kf7 42. Qd7 Kf8 43. Qe6 g5 44. Qh6+ Kf7 45. Qxh5+ Kg8 46. Bxg5 Bxg5 47. Qxg5+ Kf7 48. Qxe5 1-0

[Event "V Floripa Open 2019"]
[Site "Florianopolis"]
[Date "2019.01.21"]
[Round "1.112"]
[White "Queiroz Da Costa, Alan Patrick"]
[Black "Barreiros da Silva, Denison Klein"]
[Result "0-1"]
[WhiteElo "1474"]
[BlackElo "1990"]
[PlyCount "83"]
[EventDate "2019.01.21"]
[EventType "swiss"]
[EventRounds "10"]
[EventCountry "BRA"]

1. c4 e5 2. g3 f5 3. Bg2 Nf6 4. Nc3 Bc5 5. e3 Nc6 6. Nge2 e4 7. a3 a5 8. d4 exd3 9. Qxd3 d6 10. b3 O-O 11. O-O Ne5 12. Qc2 c6 13. Bb2 Qe7 14. Rfd1 Neg4 15. Nd4 Ne4 16. Nxe4 fxe4 17. Rd2 d5 18. cxd5 cxd5 19. a4 b6 20. Rf1 Ba6 21. Nb5 Bb7 22. Qd1 Ne5 23. Bxe5 Qxe5 24. Nd4 Ba6 25. Nb5 Rfd8 26. Qg4 Rac8 27. Rfd1 Bb4 28. Rd4 Bc5 29. R4d2 Bb4 30. Rd4 Bc5 31. R4d2 Be7 32. Nd4 Bb4 33. Ra2 h5 34. Qe6+ Qxe6 35. Nxe6 Rd6 36. Nf4 Rc3 37. Bh3 g5 38. Nxd5 Rxb3 39. Ne7+ Kf7 40. Rxd6 Bxd6 41. Nf5 Rb1+ 42. Kg2 0-1

[Event "V Floripa Open 2019"]
[Site "Florianopolis"]
[Date "2019.01.21"]
[Round "1.113"]
[White "Tomiello, Lucas Costamilan"]
[Black "Caribe Santos, Luiz Carlos"]
[Result "1-0"]
[WhiteElo "1990"]
[BlackElo "1471"]
[PlyCount "107"]
[EventDate "2019.01.21"]
[EventType "swiss"]
[EventRounds "10"]
[EventCountry "BRA"]

1. e4 c5 2. Nf3 e6 3. d4 cxd4 4. Nxd4 Nf6 5. Nc3 Nc6 6. Ndb5 Bb4 7. a3 Bxc3+ 8. Nxc3 d5 9. exd5 exd5 10. Bd3 O-O 11. O-O d4 12. Ne2 Bg4 13. f3 Bh5 14. Bg5 Bg6 15. Re1 Re8 16. Qd2 Bxd3 17. Qxd3 h6 18. Bh4 Re6 19. Bf2 Rd6 20. Ng3 Rd5 21. Rad1 Qd7 22. Rd2 Ne5 23. Qb3 Nc6 24. Red1 Rd8 25. Ne2 d3 26. Rxd3 Na5 27. Rxd5 Nxd5 28. Qd3 Nf6 29. Qxd7 Rxd7 30. Rxd7 Nxd7 31. b3 Nc6 32. Nd4 Nxd4 33. Bxd4 b6 34. Kf2 f6 35. Ke3 Kf7 36. g4 Ke6 37. a4 Kd5 38. h4 a6 39. c4+ Kc6 40. b4 b5 41. cxb5+ axb5 42. a5 Kb7 43. Ke4 g6 44. Kd5 g5 45. h5 Kc7 46. Ke6 Kc6 47. Bxf6 Nxf6 48. Kxf6 Kd5 49. Kg6 Kc4 50. a6 Kxb4 51. a7 Kc3 52. a8=Q b4 53. Qc6+ Kb2 54. Kxh6 1-0

[Event "V Floripa Open 2019"]
[Site "Florianopolis"]
[Date "2019.01.21"]
[Round "1.114"]
[White "Dos Santos, Paulo H. Maximo"]
[Black "Lage, Pedro Ferreira"]
[Result "0-1"]
[WhiteElo "1471"]
[BlackElo "1986"]
[PlyCount "34"]
[EventDate "2019.01.21"]
[EventType "swiss"]
[EventRounds "10"]
[EventCountry "BRA"]

1. Nf3 d5 2. d4 Nf6 3. c4 c6 4. Nc3 dxc4 5. e4 b5 6. a4 b4 7. e5 Nd5 8. Ne4 c3 9. bxc3 bxc3 10. Qc2 Qa5 11. Bc4 e6 12. Bxd5 cxd5 13. Nxc3 Ba6 14. Bd2 Bb4 15. Rb1 Nc6 16. Nxd5 Bxd2+ 17. Nxd2 Qxd5 0-1

[Event "V Floripa Open 2019"]
[Site "Florianopolis"]
[Date "2019.01.21"]
[Round "1.115"]
[White "Brito, Vicente De Paulo Al"]
[Black "Lanznaster, Rafael"]
[Result "1-0"]
[WhiteElo "1985"]
[BlackElo "1470"]
[PlyCount "55"]
[EventDate "2019.01.21"]
[EventType "swiss"]
[EventRounds "10"]
[EventCountry "BRA"]

1. e4 e6 2. d4 d5 3. e5 c5 4. c3 Nc6 5. Nf3 Qb6 6. a3 c4 7. Nbd2 Na5 8. Be2 Bd7 9. O-O Ne7 10. Rb1 Nb3 11. Bxc4 Nxd2 12. Nxd2 dxc4 13. Nxc4 Qa6 14. Nd6+ Kd8 15. Nxf7+ Ke8 16. Nxh8 Nf5 17. Qh5+ Kd8 18. Nf7+ Kc7 19. Bf4 Be8 20. d5 h6 21. Qg6 Nh4 22. Qxe6 Qxe6 23. dxe6 Ng6 24. Bg3 Bxf7 25. exf7 Kd7 26. f4 Ke7 27. f5 Nxe5 28. Bxe5 1-0

[Event "V Floripa Open 2019"]
[Site "Florianopolis"]
[Date "2019.01.21"]
[Round "1.116"]
[White "Rosa, Gabriel Redon"]
[Black "Medeiros, Thauane Ferreira"]
[Result "1-0"]
[WhiteElo "1469"]
[BlackElo "1985"]
[PlyCount "77"]
[EventDate "2019.01.21"]
[EventType "swiss"]
[EventRounds "10"]
[EventCountry "BRA"]

1. e4 c6 2. d4 d5 3. Nc3 g6 4. Nf3 Bg4 5. Be2 e6 6. h3 Bxf3 7. Bxf3 Bg7 8. Be3 Ne7 9. Qd2 O-O 10. O-O-O dxe4 11. Nxe4 Nf5 12. c3 Nxe3 13. Qxe3 Qa5 14. Kb1 Nd7 15. g4 Nf6 16. Nxf6+ Bxf6 17. h4 Rab8 18. h5 Bg7 19. Rh2 Rfe8 20. Rdh1 Qd8 21. hxg6 hxg6 22. Rh7 e5 23. dxe5 f6 24. e6 Qe7 25. Qe4 f5 26. gxf5 Qf6 27. Bg4 b5 28. fxg6 b4 29. Qf5 bxc3 30. Rxg7+ Qxg7 31. Qf7+ Qxf7 32. gxf7+ Kg7 33. fxe8=Q Rxe8 34. bxc3 Kf6 35. Rh7 a5 36. e7 Rb8+ 37. Kc2 Kg6 38. Rh3 Kf6 39. Re3 1-0

[Event "V Floripa Open 2019"]
[Site "Florianopolis"]
[Date "2019.01.21"]
[Round "1.117"]
[White "Gazola, Vanessa Ramos"]
[Black "Eyng, Stefan Kuster"]
[Result "1-0"]
[WhiteElo "1982"]
[BlackElo "1468"]
[PlyCount "55"]
[EventDate "2019.01.21"]
[EventType "swiss"]
[EventRounds "10"]
[EventCountry "BRA"]

1. d4 d5 2. c4 e6 3. Nc3 Nf6 4. cxd5 exd5 5. Bg5 Be7 6. e3 O-O 7. Bd3 b6 8. Nf3 Nbd7 9. Qc2 h6 10. Bf4 Nh5 11. Nxd5 Nxf4 12. Nxf4 Nf6 13. O-O Bb7 14. Ne5 Bd6 15. Bc4 Bxe5 16. dxe5 Nd5 17. Rad1 c6 18. e6 Qg5 19. Bxd5 cxd5 20. Qc7 Ba6 21. Rxd5 Bxf1 22. Rxg5 hxg5 23. Nh5 Bd3 24. f3 Bg6 25. Ng3 fxe6 26. e4 Rf7 27. Qc6 Re7 28. Qxa8+ 1-0

[Event "V Floripa Open 2019"]
[Site "Florianopolis"]
[Date "2019.01.21"]
[Round "1.118"]
[White "Koinski, Carlos Cesar"]
[Black "Pereira da Silva, Breno D alkmin"]
[Result "0-1"]
[WhiteElo "1462"]
[BlackElo "1982"]
[PlyCount "63"]
[EventDate "2019.01.21"]
[EventType "swiss"]
[EventRounds "10"]
[EventCountry "BRA"]

1. e4 c5 2. Nf3 Nc6 3. c3 d5 4. exd5 Qxd5 5. Be2 Nf6 6. O-O e6 7. d4 cxd4 8. Nxd4 Nxd4 9. Qxd4 Qxd4 10. cxd4 Bd6 11. Bf3 O-O 12. Nc3 Rd8 13. Re1 Bb4 14. Be3 Bxc3 15. bxc3 Nd5 16. Rac1 Nxe3 17. fxe3 Rb8 18. Be4 Bd7 19. Rf1 Bc6 20. Bb1 b5 21. a3 f5 22. Rf4 Bd5 23. h4 h6 24. Rf2 Rb6 25. Bd3 Bc4 26. Bc2 Ra6 27. Ra1 Rc8 28. e4 fxe4 29. Bxe4 Bd5 30. Bxd5 exd5 31. Rf3 Rc4 32. Kf1 0-1

[Event "V Floripa Open 2019"]
[Site "Florianopolis"]
[Date "2019.01.21"]
[Round "1.119"]
[White "Acosta, Pablo Alejandro"]
[Black "Meirelles, Olyntho Vitoria"]
[Result "1-0"]
[WhiteElo "1981"]
[BlackElo "1458"]
[PlyCount "63"]
[EventDate "2019.01.21"]
[EventType "swiss"]
[EventRounds "10"]
[EventCountry "BRA"]

1. e4 c5 2. Nf3 d6 3. Bb5+ Nc6 4. Bxc6+ bxc6 5. O-O Bg4 6. d3 h6 7. b3 e6 8. Bb2 Nf6 9. Nbd2 Be7 10. h3 Bh5 11. Qe1 e5 12. Nh2 O-O 13. f4 exf4 14. Rxf4 Nd7 15. Rf1 Bf6 16. Bxf6 Nxf6 17. Qf2 Qe7 18. Rae1 Qe5 19. Nc4 Qe6 20. Nxd6 Qxd6 21. e5 Qd4 22. exf6 Qxf2+ 23. Rxf2 Rfe8 24. Rxe8+ Rxe8 25. Rf5 Bg6 26. Rxc5 Re6 27. fxg7 Kxg7 28. Kf2 Rf6+ 29. Nf3 Re6 30. Ra5 Re7 31. Rc5 Re6 32. Nd4 1-0

[Event "V Floripa Open 2019"]
[Site "Florianopolis"]
[Date "2019.01.21"]
[Round "1.120"]
[White "De Oliveira, Gualter Amelio"]
[Black "Costa, Pedro Henrique"]
[Result "1-0"]
[WhiteElo "1455"]
[BlackElo "1978"]
[PlyCount "104"]
[EventDate "2019.01.21"]
[EventType "swiss"]
[EventRounds "10"]
[EventCountry "BRA"]

1. e4 e6 2. d4 d5 3. e5 c5 4. c3 Nc6 5. Nf3 Qb6 6. Bd3 Bd7 7. Bc2 cxd4 8. cxd4 Nb4 9. Nc3 Nxc2+ 10. Qxc2 Rc8 11. O-O Ne7 12. Qd1 Nf5 13. g4 Ne7 14. Bd2 Nc6 15. Na4 Qa6 16. Nc5 Bxc5 17. dxc5 Qc4 18. h3 Qxc5 19. Rc1 Qe7 20. Be3 f6 21. Bc5 Qf7 22. Re1 Nxe5 23. Nxe5 fxe5 24. Rxe5 Qf4 25. Qe1 Rc6 26. Rf5 Qe4 27. Re5 Qf4 28. Rf5 Qh6 29. Rf3 d4 30. b3 b6 31. Ba3 Qg6 32. Qe5 Rxc1+ 33. Bxc1 Qb1 34. Qb8+ Ke7 35. Qxh8 Qxc1+ 36. Kh2 Qc7+ 37. Kg2 Bc6 38. Qxg7+ Kd8 39. Qxd4+ Kc8 40. Qe3 Kd7 41. Kf1 Bxf3 42. Qxf3 Qc1+ 43. Ke2 Qa3 44. Qf7+ Kd8 45. Qg8+ Ke7 46. Qxh7+ Kd6 47. Qd3+ Kc7 48. Qc4+ Kd7 49. Qa4+ Qxa4 50. bxa4 Kd6 51. Kf3 Kc5 52. Ke4 a5 1-0

[Event "V Floripa Open 2019"]
[Site "Florianopolis"]
[Date "2019.01.21"]
[Round "1.122"]
[White "Ribeiro, Gilnei Guedes"]
[Black "Carvalho Jr, Celestino"]
[Result "0-1"]
[WhiteElo "1449"]
[BlackElo "1976"]
[PlyCount "78"]
[EventDate "2019.01.21"]
[EventType "swiss"]
[EventRounds "10"]
[EventCountry "BRA"]

1. d4 Nf6 2. Nf3 d6 3. e3 g6 4. Be2 Bg7 5. O-O O-O 6. c4 Nbd7 7. Nc3 c6 8. b4 e5 9. Bb2 e4 10. Nd2 Re8 11. Qc2 Qe7 12. Rfe1 Nf8 13. a4 Bf5 14. a5 a6 15. Na4 Rac8 16. Qb3 Be6 17. Nb1 d5 18. c5 h5 19. Nbc3 N8h7 20. Nb6 Rcd8 21. Rac1 g5 22. Na2 Nd7 23. Ba3 Qf6 24. Nc3 g4 25. b5 Nxb6 26. axb6 axb5 27. Bb4 Ng5 28. Ra1 Qg6 29. Ra7 Nf3+ 30. Bxf3 gxf3 31. g3 h4 32. Rea1 Qg4 33. Qd1 Bc8 34. Nxb5 hxg3 35. hxg3 Qh3 36. Qf1 Qh5 37. Nc7 Bh3 38. Qc1 Bg2 39. Nxe8 Qh1# 0-1

[Event "V Floripa Open 2019"]
[Site "Florianopolis"]
[Date "2019.01.21"]
[Round "1.123"]
[White "Reichert, Thiago Da Cruz"]
[Black "Da Silva, Marcos Henrique"]
[Result "1-0"]
[WhiteElo "1976"]
[BlackElo "1448"]
[PlyCount "81"]
[EventDate "2019.01.21"]
[EventType "swiss"]
[EventRounds "10"]
[EventCountry "BRA"]

1. d4 Nf6 2. c4 e5 3. dxe5 Ng4 4. Bf4 Bc5 5. e3 d6 6. exd6 Bxd6 7. Bxd6 cxd6 8. Nf3 Qb6 9. Qd4 Qxd4 10. Nxd4 a6 11. Nc3 O-O 12. Nd5 Nc6 13. Nxc6 bxc6 14. Ne7+ Kh8 15. Nxc6 Be6 16. Be2 Rfc8 17. Nd4 Ne5 18. b3 d5 19. f4 Nc6 20. Nxc6 Rxc6 21. Bf3 Rac8 22. O-O Rd6 23. Rfd1 Rc5 24. Rac1 g6 25. cxd5 Rxc1 26. Rxc1 Bxd5 27. Rd1 Bxf3 28. Rxd6 Bb7 29. Rb6 Bd5 30. Rxa6 Kg7 31. b4 Bb7 32. Ra7 Bc6 33. a4 Bd5 34. b5 Be6 35. b6 Bd5 36. b7 Be6 37. b8=Q h6 38. Qe5+ Kh7 39. Qxe6 Kh8 40. Rxf7 g5 41. Qe8# 1-0

[Event "V Floripa Open 2019"]
[Site "Florianopolis"]
[Date "2019.01.21"]
[Round "1.124"]
[White "Machado, Luiz Fernando"]
[Black "Mendes, Joao Paulo"]
[Result "0-1"]
[WhiteElo "1446"]
[BlackElo "1973"]
[PlyCount "52"]
[EventDate "2019.01.21"]
[EventType "swiss"]
[EventRounds "10"]
[EventCountry "BRA"]

1. e4 c5 2. Nf3 d6 3. d4 cxd4 4. Nxd4 Nf6 5. Nc3 Nc6 6. Be3 g6 7. f3 Bg7 8. Qd2 h5 9. O-O-O Bd7 10. Kb1 Rc8 11. Nxc6 bxc6 12. Bf4 Qa5 13. Nd5 Qxd2 14. Nxf6+ Bxf6 15. Rxd2 Rb8 16. b3 a5 17. a4 c5 18. Ka2 g5 19. Be3 O-O 20. Bxc5 Bxa4 21. Bxd6 exd6 22. Rxd6 Bg7 23. bxa4 Rb2+ 24. Ka3 Rb1 25. Rd3 Rfb8 26. Rb3 Ra1# 0-1

[Event "V Floripa Open 2019"]
[Site "Florianopolis"]
[Date "2019.01.21"]
[Round "1.125"]
[White "Soares, Renan Barbosa Monte"]
[Black "Dutra, Liliam Guedes"]
[Result "1-0"]
[WhiteElo "1972"]
[BlackElo "1443"]
[PlyCount "87"]
[EventDate "2019.01.21"]
[EventType "swiss"]
[EventRounds "10"]
[EventCountry "BRA"]

1. d4 Nf6 2. c4 e6 3. Nf3 Be7 4. Nc3 d5 5. Bf4 a6 6. e3 O-O 7. Qc2 Nbd7 8. Bd3 Re8 9. O-O Nf8 10. Rac1 Bd6 11. Bg5 c6 12. Rfe1 Be7 13. Rcd1 dxc4 14. Bxc4 Nd5 15. Bxe7 Qxe7 16. a3 Bd7 17. e4 Nxc3 18. Qxc3 b5 19. Ba2 Rec8 20. b4 Ng6 21. Qb2 Qf6 22. Rc1 Nf4 23. Qd2 Be8 24. Rc5 Rc7 25. Bb1 Ng6 26. Rec1 Rac8 27. e5 Qf4 28. Qd3 Qh6 29. Qe3 Qxe3 30. fxe3 Ne7 31. Ng5 h6 32. Ne4 Bd7 33. Nd6 Ra8 34. e4 g6 35. Ba2 Kg7 36. d5 exd5 37. exd5 f6 38. e6 Nc8 39. exd7 Nxd6 40. dxc6 Kf8 41. Re1 Rd8 42. Re6 f5 43. Rxd6 Kg7 44. Re6 1-0

[Event "V Floripa Open 2019"]
[Site "Florianopolis"]
[Date "2019.01.21"]
[Round "1.126"]
[White "Boppre, Afranio Tadeu"]
[Black "Ichimura G. Barbosa, Larissa Y."]
[Result "0-1"]
[WhiteElo "1436"]
[BlackElo "1967"]
[PlyCount "48"]
[EventDate "2019.01.21"]
[EventType "swiss"]
[EventRounds "10"]
[EventCountry "BRA"]

1. e4 c5 2. Nf3 d6 3. Nc3 Nf6 4. Bc4 a6 5. O-O e6 6. a3 Nc6 7. Re1 Be7 8. d3 O-O 9. e5 dxe5 10. Nxe5 Nxe5 11. Rxe5 b5 12. Ba2 Qd4 13. Re1 Bb7 14. Be3 Qh4 15. f3 Bd6 16. g3 Bxg3 17. Qe2 Bxe1 18. Rxe1 Rac8 19. Qf2 Qh5 20. Ne4 Nxe4 21. dxe4 c4 22. c3 f5 23. Bb1 fxe4 24. Bxe4 Bxe4 0-1

[Event "V Floripa Open 2019"]
[Site "Florianopolis"]
[Date "2019.01.21"]
[Round "1.127"]
[White "Rueda, Joaquin"]
[Black "Seiffert, Gabriel Pamplona"]
[Result "1-0"]
[WhiteElo "1961"]
[BlackElo "1436"]
[PlyCount "53"]
[EventDate "2019.01.21"]
[EventType "swiss"]
[EventRounds "10"]
[EventCountry "BRA"]

1. e4 e5 2. d4 exd4 3. Qxd4 Nc6 4. Qe3 Nf6 5. Nc3 Be7 6. Bd2 O-O 7. O-O-O a6 8. h4 b5 9. Nd5 Nxd5 10. exd5 Nb4 11. d6 Bxd6 12. Bxb4 Bxb4 13. Qe4 c5 14. Qxa8 Qa5 15. Qf3 Qxa2 16. c3 Qa1+ 17. Kc2 Qa4+ 18. Kb1 Bb7 19. Qe2 Be4+ 20. Rd3 Re8 21. Qd2 Ba5 22. f3 Bxd3+ 23. Bxd3 b4 24. Ne2 Rb8 25. h5 d5 26. h6 c4 27. Qg5 1-0

[Event "V Floripa Open 2019"]
[Site "Florianopolis"]
[Date "2019.01.21"]
[Round "1.128"]
[White "Moretto, Heitor Frainer"]
[Black "Bassani, Jaison Jose"]
[Result "1/2-1/2"]
[WhiteElo "1426"]
[BlackElo "1959"]
[PlyCount "67"]
[EventDate "2019.01.21"]
[EventType "swiss"]
[EventRounds "10"]
[EventCountry "BRA"]

1. e4 d6 2. d4 Nf6 3. Nc3 g6 4. Be3 Ng4 5. Bd2 Bg7 6. Be2 Nf6 7. Nf3 c6 8. O-O O-O 9. Qc1 Re8 10. Bd3 e5 11. dxe5 dxe5 12. Bh6 Bh8 13. h3 Nbd7 14. Re1 Nc5 15. Bc4 b5 16. Qe3 Qe7 17. Bb3 b4 18. Ne2 Nfxe4 19. Ng3 Nxg3 20. fxg3 Nxb3 21. axb3 a6 22. g4 Bb7 23. Nd2 f6 24. Ne4 Rad8 25. Kh1 Rd5 26. c4 Rd4 27. c5 Red8 28. Nd6 R8xd6 29. cxd6 Qxd6 30. Qe2 c5 31. Be3 Rd5 32. Qc4 Kg7 33. Rac1 Qc6 34. Rc2 1/2-1/2

[Event "V Floripa Open 2019"]
[Site "Florianopolis"]
[Date "2019.01.21"]
[Round "1.129"]
[White "Maciel, Diogo Alves"]
[Black "Sato, Luiz Henrique Yuzo "]
[Result "1-0"]
[WhiteElo "1957"]
[BlackElo "1425"]
[PlyCount "27"]
[EventDate "2019.01.21"]
[EventType "swiss"]
[EventRounds "10"]
[EventCountry "BRA"]

1. Nf3 Nf6 2. c4 Nc6 3. d4 e6 4. d5 exd5 5. cxd5 Ne7 6. Nc3 b6 7. e4 Bb7 8. Bg5 Ng6 9. e5 Qe7 10. Qd4 d6 11. O-O-O dxe5 12. Qa4+ Qd7 13. Bb5 c6 14. dxc6 1-0

[Event "V Floripa Open 2019"]
[Site "Florianopolis"]
[Date "2019.01.21"]
[Round "1.130"]
[White "Conrado, Carlos Alberto"]
[Black "Bastos, Guilherme Exterhott"]
[Result "0-1"]
[WhiteElo "1421"]
[BlackElo "1956"]
[PlyCount "86"]
[EventDate "2019.01.21"]
[EventType "swiss"]
[EventRounds "10"]
[EventCountry "BRA"]

1. d4 d5 2. c4 Bf5 3. Nc3 e6 4. Nf3 c6 5. e3 Nf6 6. cxd5 exd5 7. Be2 Nbd7 8. O-O Bd6 9. Nd2 O-O 10. f4 Re8 11. Nf3 Ne4 12. Bd3 Bb4 13. Qc2 Rc8 14. a3 Bf8 15. b4 Nb6 16. Ne5 f6 17. Nf3 Bg6 18. Re1 Nxc3 19. Qxc3 Bxd3 20. Qxd3 Bd6 21. Kf2 Re7 22. g4 Qe8 23. Qf5 Kh8 24. h4 Qg6 25. Qxg6 hxg6 26. Rb1 a6 27. Rb3 Rce8 28. g5 Kg8 29. Rh1 Nc4 30. h5 gxh5 31. gxf6 gxf6 32. Rxh5 Rh7 33. Rxh7 Kxh7 34. Nd2 b5 35. Nxc4 bxc4 36. Rc3 Kg6 37. Kf3 Rh8 38. Kg3 Kf5 39. Bd2 Ke4 40. Be1 Rh1 41. Bf2 Rd1 42. Rc2 Kd3 43. Ra2 c3 0-1

[Event "V Floripa Open 2019"]
[Site "Florianopolis"]
[Date "2019.01.21"]
[Round "1.131"]
[White "Japiassu, Ricardo De Villa No"]
[Black "Assad, Otavio"]
[Result "1-0"]
[WhiteElo "1956"]
[BlackElo "1416"]
[PlyCount "80"]
[EventDate "2019.01.21"]
[EventType "swiss"]
[EventRounds "10"]
[EventCountry "BRA"]

1. c4 f5 2. g3 Nf6 3. Bg2 e6 4. Nf3 c6 5. O-O d5 6. d3 Bd6 7. Nbd2 O-O 8. Re1 e5 9. cxd5 cxd5 10. e4 Be6 11. Ng5 Bd7 12. exd5 Qc7 13. a4 Na6 14. Nc4 Rae8 15. Be3 b6 16. Rc1 Qb8 17. d4 h6 18. Nxd6 Qxd6 19. dxe5 Rxe5 20. Bf4 Rxe1+ 21. Qxe1 Qb4 22. Qxb4 Nxb4 23. Bd6 Re8 24. Bxb4 hxg5 25. Rc7 a5 26. Bc3 Bxa4 27. Rb7 Nd7 28. d6 Re6 29. Bd5 Kf7 30. Kg2 Bb5 31. f4 Ke8 32. Bxe6 Bc6+ 33. Kf2 Bxb7 34. Bxf5 gxf4 35. gxf4 Bd5 36. Bxg7 b5 37. h4 Bf7 38. Ke3 b4 39. Bg4 a4 40. h5 a3 1-0

[Event "V Floripa Open 2019"]
[Site "Florianopolis"]
[Date "2019.01.21"]
[Round "1.132"]
[White "Kojima, Rodrigo Yosuke"]
[Black "Mendes, Rodrigo Machado"]
[Result "0-1"]
[WhiteElo "1412"]
[BlackElo "1956"]
[PlyCount "84"]
[EventDate "2019.01.21"]
[EventType "swiss"]
[EventRounds "10"]
[EventCountry "BRA"]

1. d4 Nf6 2. Nf3 b6 3. Bf4 Bb7 4. e3 e6 5. a3 Be7 6. c4 c5 7. Nc3 a6 8. Be2 O-O 9. h3 d5 10. O-O Nbd7 11. Qb3 dxc4 12. Bxc4 b5 13. Be2 c4 14. Qd1 Nb6 15. Ne5 Nfd5 16. Bh2 Nxc3 17. bxc3 Na4 18. Qd2 Qa5 19. Rfc1 Rad8 20. Bf3 Bxf3 21. Nxf3 Nc5 22. Qc2 Nb3 23. Ne5 Bd6 24. Nc6 Bxh2+ 25. Kh1 Qc7 26. Nxd8 Rxd8 27. f4 Nxa1 28. Rxa1 Bg3 29. Qe2 Bh4 30. Qg4 Be7 31. f5 exf5 32. Qxf5 Qd7 33. Qf2 Qe6 34. Qd2 Bg5 35. Re1 Re8 36. d5 Bxe3 37. Qd1 Qd7 38. Qf3 Bc5 39. Ra1 g6 40. h4 Re3 41. Qf6 Rh3+ 42. gxh3 Qxh3# 0-1

[Event "V Floripa Open 2019"]
[Site "Florianopolis"]
[Date "2019.01.21"]
[Round "1.133"]
[White "Volkmann, Andre Jordi"]
[Black "Da Silva, Hermes Ludovino"]
[Result "1-0"]
[WhiteElo "1955"]
[BlackElo "1407"]
[PlyCount "41"]
[EventDate "2019.01.21"]
[EventType "swiss"]
[EventRounds "10"]
[EventCountry "BRA"]

1. d4 Nf6 2. c4 e6 3. Nc3 b6 4. Bf4 d6 5. e4 Be7 6. Nf3 Bb7 7. Bd3 a6 8. Qc2 Nbd7 9. O-O c5 10. e5 dxe5 11. dxe5 Nh5 12. Be4 Bxe4 13. Qxe4 Nxf4 14. Qxf4 O-O 15. Ne4 f5 16. exf6 Bxf6 17. Qd6 Ra7 18. Qxe6+ Kh8 19. Nxf6 Rxf6 20. Qd5 Qe7 21. Rae1 1-0

[Event "V Floripa Open 2019"]
[Site "Florianopolis"]
[Date "2019.01.21"]
[Round "1.134"]
[White "Flores, Clarice Soares Leit"]
[Black "Takano, Nicholas Ryo"]
[Result "0-1"]
[WhiteElo "1406"]
[BlackElo "1954"]
[PlyCount "70"]
[EventDate "2019.01.21"]
[EventType "swiss"]
[EventRounds "10"]
[EventCountry "BRA"]

1. d4 Nf6 2. Bf4 g6 3. e3 Bg7 4. h3 d6 5. Nf3 O-O 6. c4 Nfd7 7. Bh2 e5 8. Be2 Nc6 9. Nc3 f5 10. O-O e4 11. Nd2 Nf6 12. a3 Qe7 13. Rc1 a5 14. Qb3 Kh8 15. Nd5 Qf7 16. Nxf6 Bxf6 17. Rfe1 g5 18. Rf1 h5 19. f3 exf3 20. Bxf3 g4 21. hxg4 hxg4 22. Bd5 Qh5 23. Bg3 Bh4 24. Ne4 Bd7 25. Bxh4 Qxh4 26. Nf2 Kg7 27. Rfd1 Rh8 28. Kf1 f4 29. exf4 g3 30. Nd3 Rae8 31. Ne5 dxe5 32. fxe5 Rhf8+ 33. Ke2 Rf2+ 34. Ke3 Qf4+ 35. Kd3 Qxd4# 0-1

[Event "V Floripa Open 2019"]
[Site "Florianopolis"]
[Date "2019.01.21"]
[Round "1.135"]
[White "Nicolini, Paulo Giovanni De A"]
[Black "Carvalho, Isis"]
[Result "1-0"]
[WhiteElo "1951"]
[BlackElo "1396"]
[PlyCount "53"]
[EventDate "2019.01.21"]
[EventType "swiss"]
[EventRounds "10"]
[EventCountry "BRA"]

1. e4 d6 2. d4 Nf6 3. Nc3 g6 4. Bg5 Bg7 5. e5 dxe5 6. dxe5 Qxd1+ 7. Rxd1 Ng4 8. h3 Nxe5 9. Nd5 O-O 10. Nxc7 Nbc6 11. Nxa8 Bf5 12. Nc7 Bxc2 13. Rd2 Bf5 14. f4 Nd7 15. Bb5 Nd4 16. Bxd7 Bxd7 17. Ne2 Nxe2 18. Kxe2 Bc6 19. Bxe7 Rc8 20. Rhd1 h6 21. Rd8+ Rxd8 22. Rxd8+ Kh7 23. Nd5 Bxd5 24. Rxd5 Bxb2 25. Rb5 Bc1 26. g3 b6 27. Rb1 1-0

[Event "V Floripa Open 2019"]
[Site "Florianopolis"]
[Date "2019.01.21"]
[Round "1.136"]
[White "Moretto, Leticia Soares"]
[Black "Rodrigues, Nei Jorge"]
[Result "0-1"]
[WhiteElo "1384"]
[BlackElo "1949"]
[PlyCount "74"]
[EventDate "2019.01.21"]
[EventType "swiss"]
[EventRounds "10"]
[EventCountry "BRA"]

1. d4 d5 2. c4 e6 3. Nc3 a6 4. e4 dxe4 5. Nxe4 Bb4+ 6. Bd2 Qxd4 7. Bxb4 Qxe4+ 8. Qe2 Nf6 9. Nf3 Nc6 10. Bc3 Qxe2+ 11. Bxe2 Ke7 12. O-O Rd8 13. Rad1 Ne8 14. Rxd8 Kxd8 15. Rd1+ Ke7 16. Bd3 h6 17. Be4 f6 18. a3 Nd6 19. Bd3 e5 20. b3 Be6 21. Bc2 b6 22. Nd2 Rd8 23. Nf3 a5 24. h3 a4 25. b4 Nxc4 26. Bxa4 Rxd1+ 27. Bxd1 Nxa3 28. Be2 Nc2 29. b5 N6d4 30. Nxd4 Nxd4 31. Bd3 Bd7 32. Bxd4 exd4 33. Kf1 Kd6 34. Ke2 Kc5 35. Kf3 Bxb5 36. Bxb5 Kxb5 37. Ke4 Kc4 0-1

[Event "V Floripa Open 2019"]
[Site "Florianopolis"]
[Date "2019.01.21"]
[Round "1.137"]
[White "Ramos, Angelo Bil"]
[Black "Araujo, Karla Priscilla Car"]
[Result "1-0"]
[WhiteElo "1948"]
[BlackElo "1380"]
[PlyCount "103"]
[EventDate "2019.01.21"]
[EventType "swiss"]
[EventRounds "10"]
[EventCountry "BRA"]

1. e4 c5 2. Nf3 d6 3. c3 Nf6 4. Be2 g6 5. O-O Bg7 6. Bb5+ Bd7 7. Bxd7+ Nbxd7 8. Re1 Qc7 9. d4 O-O 10. Nbd2 Nh5 11. Nf1 e5 12. d5 f5 13. exf5 gxf5 14. Ng5 Ndf6 15. Ne6 Qf7 16. Nxf8 Rxf8 17. c4 Qg6 18. Qc2 e4 19. Ng3 Ng4 20. Nxh5 Qxh5 21. h3 Ne5 22. Bf4 Nd3 23. Bxd6 Rd8 24. Bg3 Nxe1 25. Rxe1 Bd4 26. Qe2 Qg6 27. Kh2 Kh8 28. Bf4 Rg8 29. g3 h5 30. h4 b6 31. Bg5 Kg7 32. Qd2 Kf7 33. b3 a6 34. a4 a5 35. Qe2 Kf8 36. Kg2 Kg7 37. Qd2 Qd6 38. Qf4 Qxf4 39. Bxf4 Rd8 40. f3 Re8 41. fxe4 Rxe4 42. Rxe4 fxe4 43. Bc7 Kf7 44. Bxb6 Kf6 45. Bxa5 Ke7 46. Kf1 Kd7 47. Ke2 Kd6 48. Bd2 Kd7 49. a5 Be5 50. Bf4 Bf6 51. Ke3 Kc8 52. a6 1-0